000 00740nas a2200229 4500
001 BR8300909
003 BR-BrBNA
005 20231205085438.0
007 ta
008 230509b bl.|||p| |||| 00| 00por d
040 _aBR-BrBNA
_bpor
_cBiblioteca Nacional de Agricultura
041 _a(Pt)
072 _aN10; U20
100 1 _aBueno, B. de S.
100 1 _aPereira Neto, J.T.
245 1 _aGalerias e condutos enterrados - calculo automatico (Processo de Spangler)[engenharia civil, programa de computador, Brasil]
650 _aENGENHARIA CIVIL
650 _aCOMPUTADOR
773 0 _tSeiva (Brazil)
_xISSN 0037-1122
_g(Apr 1982), v. 42(90) p. 56-65
_wBR8300909
909 _a202311
_bLúcia
_c55
_dLúcia Elande
942 _2AGRIS
_n0
_cANA
999 _c111489
_d111489